ბათუმის შოთა რუსთაველის სახელმწიფო უნივერსიტეტის ბიბლიოთეკა

Teaching English language through story-telling / (ბიბ.ჩანაწერი № 36916)

000 -LEADER
fixed length control field 00928nam a2200229Ia 4500
001 - CONTROL NUMBER
control field 2867
003 - CONTROL NUMBER IDENTIFIER
control field GE_BSU
005 - DATE AND TIME OF LATEST TRANSACTION
control field 20190613153012.0
008 - FIXED-LENGTH DATA ELEMENTS--GENERAL INFORMATION
fixed length control field 181216s2012||||enk|||||||||||||| ||eng||
020 ## - INTERNATIONAL STANDARD BOOK NUMBER
International Standard Book Number 9789941412967
040 ## - CATALOGING SOURCE
Transcribing agency GE_BSU
080 ## - UNIVERSAL DECIMAL CLASSIFICATION NUMBER
Universal Decimal Classification number 811.111(072) D–96
100 ## - MAIN ENTRY--PERSONAL NAME
Personal name Dvalidze, Nino
9 (RLIN) 2478
245 ## - TITLE STATEMENT
Title Teaching English language through story-telling /
Statement of responsibility, etc. Nino Dvalidze, Michael Berman ; red. Lali Kontselidze.
264 ## - PRODUCTION, PUBLICATION, DISTRIBUTION, MANUFACTURE, AND COPYRIGHT NOTICE
Place of production, publication, distribution, manufacture Batumi :
Name of producer, publisher, distributor, manufacturer Shota Rustaveli State Univ.,
Date of production, publication, distribution, manufacture, or copyright notice 2012.
300 ## - PHYSICAL DESCRIPTION
Extent 129 p.;
Other physical details 20 cm.
653 ## - INDEX TERM--UNCONTROLLED
keyword ინგლისური ენის სწავლების მეთოდიკა
653 ## - INDEX TERM--UNCONTROLLED
keyword ინგლისური ენა - წიგნები დამოუკიდებელი კითხვისათვის
700 ## - ADDED ENTRY--PERSONAL NAME
Personal name Berman, M.
Relator term ავტორი
9 (RLIN) 2479
700 ## - ADDED ENTRY--PERSONAL NAME
Personal name Kontselidze, Lali
Relator term რედაქტორი
9 (RLIN) 2480
942 ## - ADDED ENTRY ELEMENTS (KOHA)
Koha item type წიგნი
Source of classification or shelving scheme
ეგზემპლარები
Withdrawn status Lost status Source of classification or shelving scheme Damaged status Not for loan Permanent Location Current Location Shelving location Date acquired Cost, normal purchase price Full call number Barcode Date last seen Copy number Price effective from Koha item type Public note
          ბათუმის შოთა რუსთაველის სახელმწიფო უნივერსიტეტის მთავარი ბიბლიოთეკა ბათუმის შოთა რუსთაველის სახელმწიფო უნივერსიტეტის მთავარი ბიბლიოთეკა წიგნსაცავი 2018-12-17 4.60 811.111(072) D-96 4861 2018-12-17 4861 2018-12-17 წიგნი 4 ლ. 60 თ.
          ბათუმის შოთა რუსთაველის სახელმწიფო უნივერსიტეტის მთავარი ბიბლიოთეკა ბათუმის შოთა რუსთაველის სახელმწიფო უნივერსიტეტის მთავარი ბიბლიოთეკა წიგნსაცავი 2018-12-17 4.60 811.111(072) D-96 4862 2018-12-17 4862 2018-12-17 წიგნი 4 ლ. 60 თ.
          ბათუმის შოთა რუსთაველის სახელმწიფო უნივერსიტეტის მთავარი ბიბლიოთეკა ბათუმის შოთა რუსთაველის სახელმწიფო უნივერსიტეტის მთავარი ბიბლიოთეკა წიგნსაცავი 2018-12-17 4.60 811.111(072) D-96 4863 2018-12-17 4963 2018-12-17 წიგნი 4 ლ. 6 თ.
          ბათუმის შოთა რუსთაველის სახელმწიფო უნივერსიტეტის მთავარი ბიბლიოთეკა ბათუმის შოთა რუსთაველის სახელმწიფო უნივერსიტეტის მთავარი ბიბლიოთეკა წიგნსაცავი 2018-12-17 4.60 811.111(072) D-96 4864 2018-12-17 4864 2018-12-17 წიგნი 4 ლ. 60 თ.
          ბათუმის შოთა რუსთაველის სახელმწიფო უნივერსიტეტის მთავარი ბიბლიოთეკა ბათუმის შოთა რუსთაველის სახელმწიფო უნივერსიტეტის მთავარი ბიბლიოთეკა წიგნსაცავი 2018-12-17 4.60 811.111(072) D-96 4865 2018-12-17 4865 2018-12-17 წიგნი 4 ლ. 60 თ.